Statistics for Famous Dates in history

Click here to take the quiz!

General Stats

  • This quiz has been taken 79 times
  • The average score is 5 of 10

Answer Stats

HintAnswer% Correct
1492columbus discovers america
86%
September 11, 2001Attack on world trade center
80%
1912Titanic Sinks
66%
December 4, 1941Attack on Pearl Harbor
59%
July 28, 1914World War 1
55%
April 1861Civil war
53%
1929Great Depression
39%
1865lincoln assassinated
37%
July 4, 1776Independence day
32%
December 16, 1773Boston Tea Party
24%

Score Distribution

Percentile by Number Answered

Percent of People with Each Score

Your Score History

You have not taken this quiz